Statistiken für Schweizer Hauptorte

Klicken Sie hier um das Quiz zu spielen!

Allgemein

  • Dieses Quiz wurde 841 mal gespielt
  • Das Durchschnittsergebnis liegt bei 19 aus 26

Antwortstatistiken

Kanton Hauptort % Korrekt
BernBern
99%
ZürichZürich
98%
Basel-StadtBasel
98%
GenfGenf
98%
LuzernLuzern
95%
St. GallenSt. Gallen
94%
FreiburgFreiburg
91%
SchaffhausenSchaffhausen
89%
ZugZug
87%
NeuenburgNeuenburg
86%
SolothurnSolothurn
80%
GlarusGlarus
73%
SchwyzSchwyz
72%
Appenzell-InnerrhodenAppenzell
69%
WaadtLausanne
69%
AargauAarau
68%
GraubündenChur
66%
WallisSitten
59%
TessinBellinzona
53%
ThurgauFrauenfeld
49%
JuraDelsberg
48%
Basel-LandschaftLiestal
47%
UriAltdorf
45%
ObwaldenSarnen
42%
Appenzell-AusserrhodenHerisau
42%
NidwaldenStans
41%

Verteilung der Resultate

Perzentil nach korrekt beantworteten Fragen

Anzahl Personen mit jedem Resultat

Ihre Resultats-Entwicklung

Sie haben dieses Quiz noch nicht gespielt